• 首页
  • 本馆介绍
  • 公告通知
  • 最新文献
  • 馆藏检索
  • 电子资源
  • 读者导购
  • 参考咨询
  • 我的图书馆
  • 登录
  • 详细信息显示
  • 放入我的书架
  • 预约/预借图书
  • 作者相关作品
  • 分类相关作品
  • 丛书相关作品
  • 出版社相关作品

书目信息

  • 表格格式
  • 工作单格式
  • 卡片格式
题名:
马拉维政治经济史
    
 
作者: 派克 著 ;史一竹 译
分册:  
出版信息: 北京   商务印书馆  1973.9
页数: 386页
开本: 19cm
丛书名:
单 册:
中图分类: K472
科图分类:
主题词: 南非--历史
电子资源:
ISBN:
000 00631nam0 2200229 45
001 0212191090
005 20031219104102.5
010    @dCNY1.15
091    @a11017.314
100    @a20021219d1973 km y0chiy0120 ea
101 0  @achi
105    @ab z 000yy
200 1  @a马拉维政治经济史@AMa La Wei Zheng Zhi Jing Ji Shi@f(英)约翰·派克著@F(Ying)Yue Han·Pai Ke Zhu@g史一竹译
210    @a北京@c商务印书馆@d1973.9
215    @a386页@d19cm
300    @a内部参考
606 0  @a南非@x历史
690    @aK472@v3
701  0 @a派克@4著
702  0 @a史一竹@AShi Yi Zhu@4译
801    @aCN@bTSTC@c20021219
905    @f1@b219224@dK472@e3
    
    马拉维政治经济史/(英)约翰·派克著/史一竹译.-北京:商务印书馆,1973.9
    386页;19cm
    内部参考
    
    ISBN :CNY1.15
    
●
相关链接 在E读中查询图书 在五车中查询图书 在当当中查询图书 在豆瓣中查询图书


正题名:马拉维政治经济史     索取号:K472/3         预约/预借

序号 登录号 条形码 馆藏地/架位号 状态 备注
1 0219224   001746542   第二样本阅览室/ [索取号:K472/3] 在馆    
唐山师范学院图书馆 欢迎您!
大连网信软件有限公司© 版权所有